000 00484nam a2200193 a 4500
001 1760694603169
003 YourLibrary
005 20251018113212.0
008 251017s2004##################000#0#eng##
020 _a9781591021933
082 0 4 _a191
_bCOT
100 1 _aCotter, Matthew J.,
_eauthor.
245 1 0 _aSidney Hook Reconsidered :
260 _bPyr,
_c2004.
300 _a402 pages
650 0 _aPhilosophy.
942 _cENGLISH
040 _aYourLibrary
_beng
_cYourLibrary
999 _c592328
_d592328